மனதுக்கு மனம் (Record no. 519652)

MARC details
000 -LEADER
fixed length control field 00590nam a2200193Ia 4500
008 - FIXED-LENGTH DATA ELEMENTS--GENERAL INFORMATION
fixed length control field 240731s9999 xx 000 0 und d
082 ## - DEWEY DECIMAL CLASSIFICATION NUMBER
Classification number 920
Item number TAM
100 ## - MAIN ENTRY--PERSONAL NAME
Personal name தமிழண்ணல்
245 #0 - TITLE STATEMENT
Title மனதுக்கு மனம்
Statement of responsibility, etc. / தமிழண்ணல்
250 ## - EDITION STATEMENT
Edition statement 1. பதிப்பு
260 ## - PUBLICATION, DISTRIBUTION, ETC.
Place of publication, distribution, etc. மதுரை
Name of publisher, distributor, etc. மீனாட்சி புத்தக நிலையம்
Date of publication, distribution, etc. 2010
300 ## - PHYSICAL DESCRIPTION
Extent 144 pages
650 ## - SUBJECT ADDED ENTRY--TOPICAL TERM
Topical term or geographic name entry element வாழ்க்கை குறிப்பு
942 ## - ADDED ENTRY ELEMENTS (KOHA)
Koha item type
Holdings
Withdrawn status Lost status Damaged status Not for loan Home library Current library Date acquired Cost, normal purchase price Total Checkouts Full call number Barcode Date last seen Cost, replacement price Price effective from Koha item type
        Anna Centenary Library Anna Centenary Library 31.07.2024 80.00   920 TAM 652787 31.07.2024 80.00 31.07.2024 Reference

Find us on the map